[Event "ch-FRA w 2013"]
[Site "Nancy FRA"]
[Date "2013.08.22"]
[Round "11.6"]
[White "Maisuradze, Nino"]
[Black "Navrotescu, Andreea-Cristiana"]
[Result "1-0"]
[WhiteTitle "WGM"]
[BlackTitle "WFM"]
[WhiteElo "2288"]
[BlackElo "2110"]
[WhiteFideId "13601717"]
[BlackFideId "675946"]
[EventDate "2013.08.11"]

1. d4 f5 2. g3 Nf6 3. c4 g6 4. b4 Bg7 5. Bb2 c6 6. Nf3 d5 7. Nbd2 O-O 8. Bg2 Ne4
9. O-O h6 10. a4 Be6 11. cxd5 cxd5 12. e3 g5 13. Ne1 Nd7 14. a5 Qe8 15. Nd3 Qg6
16. f3 Nd6 17. Qe2 Rac8 18. Rac1 b6 19. Ne5 Nxe5 20. dxe5 Nc4 21. Nxc4 dxc4 22.
f4 b5 23. Bd4 Rc7 24. Rfd1 h5 25. Kh1 g4 26. Rd2 Kf7 27. Kg1 h4 28. Bc3 hxg3 29.
hxg3 Rh8 30. e4 Rcc8 31. Rcd1 Qh6 32. Kf2 fxe4 33. Qxe4 Qg6 34. Qxg6+ Kxg6 35.
Be4+ Bf5 36. Rd6+ exd6 37. Rxd6+ Kh5 38. Bxf5 Rcd8 39. Rg6 Rhf8 40. Rg5+ Kh6 41.
Be4 Rfe8 42. Rxg4 1-0